Social Aspirations in European Banks: Peer-Influenced Risk Behaviour
Empirická analýza rizikového správania sa bánk z 33 európskych krajín. Výkonnosť banky v porovnaní s ostatnými bankami - úroveň sociálnej ašpirácie (benchmark) banky, t. j. mediánová výkonnosť porovnávaných bánk. Teória vyhliadok (teória prospektov, prospektová teória, Prospect Theory).
Guardado en:
| Autor principal: | |
|---|---|
| Otros Autores: | , |
| Formato: | Capítulo de libro |
| Lenguaje: | inglés |
| Materias: | |
| Etiquetas: |
Sin Etiquetas, Sea el primero en etiquetar este registro!
|
MARC
| LEADER | 00000naa a2200000 4500 | ||
|---|---|---|---|
| 001 | 0253233 | ||
| 005 | 20240502083723.4 | ||
| 041 | 0 | |a eng | |
| 044 | |a GB | ||
| 245 | 1 | 0 | |a Social Aspirations in European Banks: Peer-Influenced Risk Behaviour |c Štefan Lyócsa, Tomáš Výrost, Eduard Baumöhl |
| 520 | |a Empirická analýza rizikového správania sa bánk z 33 európskych krajín. Výkonnosť banky v porovnaní s ostatnými bankami - úroveň sociálnej ašpirácie (benchmark) banky, t. j. mediánová výkonnosť porovnávaných bánk. Teória vyhliadok (teória prospektov, prospektová teória, Prospect Theory). | ||
| 610 | 2 | 0 | |a banky |
| 610 | 2 | 0 | |a inštitúcie finančné |
| 610 | 2 | 0 | |a výkonnosť podniku |
| 610 | 2 | 0 | |a riziko |
| 610 | 2 | 0 | |a správanie |
| 610 | 2 | 0 | |a financie behaviorálne |
| 610 | 2 | 0 | |a ekonómia behaviorálna |
| 610 | 2 | 0 | |a analýza empirická |
| 610 | 2 | 0 | |a testovanie hypotéz |
| 610 | 2 | 0 | |a Európa |
| 610 | 2 | 0 | |a Európska únia |
| 100 | 1 | |a Lyócsa, Štefan, 1982- | |
| 700 | 1 | |a Výrost, Tomáš, 1978- | |
| 700 | 1 | |a Baumöhl, Eduard, 1982- | |